| 000 | 03807nam0a2200529 4500 | ||
|---|---|---|---|
| 001 | RU\NLR\bibl\1737162 | ||
| 005 | 20260405224548.0 | ||
| 010 |
_a978-5-8365-0360-4 _9500 |
||
| 021 |
_aRU _b2011-3172 _9215 |
||
| 035 | _a(nilc)RSL-KNO-004882919 | ||
| 035 | _a(NLR Aleph) 001728089 | ||
| 090 |
_a1382062 _c1382062 |
||
| 100 | _a20110201d2010 |||y0rusy50 ca | ||
| 101 | 0 | _arus | |
| 102 | _aRU | ||
| 105 | _aa ||||||||| | ||
| 200 | 1 |
_aОборудование и технологии добычи нефти в осложненных условиях _dEquipment and technologies of oil production for complicated conditions _eучебное пособие для студентов вузов, обучающихся по направлению подготовки магистров 130500 "Нефтегазовое дело" _fМ. А. Мохов, В. А. Сахаров, Х. Х. Хабибуллин _gпод ред. И. Т. Мищенко _zeng |
|
| 210 |
_aМосква _cНедра _cНациональный исследовательский университет РГУ нефти и газа _d2010 |
||
| 215 |
_a195, [1] с. _cил., табл. _d22 |
||
| 225 | 1 | _aУчебное пособие | |
| 300 | _aЗагл. обл.: Технологии и оборудование добычи нефти в осложненных условиях | ||
| 300 | _aАвт. также на англ. яз.: M.A. Mokhov, V.A. Sakharov, H.H. Khabibullin | ||
| 300 | _aНа авантит.: к 80-летию РГУ нефти и газа им. И. М. Губкина | ||
| 300 | _aБиблиогр.: с. 189-196 (136 назв.) | ||
| 510 | 0 |
_6z22790 _aEquipment and technologies of oil production for complicated conditions _zeng |
|
| 512 | 1 |
_6z11790 _aТехнологии и оборудование добычи нефти в осложненных условиях |
|
| 606 | 1 |
_aНефтяные скважины _jУчебные издания для высших учебных заведений _xПесчаные пробки _xБорьба с ними _91039745 _3RU\NLR\auth\66400195 |
|
| 606 | 1 |
_aНефть _jУчебные издания для высших учебных заведений _xДобыча глубокими насосами _91371457 _3RU\NLR\auth\66260808 |
|
| 606 | 1 |
_aНефтяные пласты _jУчебные издания для высших учебных заведений _xНефтеотдача _xПовышение _91721626 _3RU\NLR\auth\66768303 |
|
| 606 | 1 |
_aНефть _jУчебные издания для высших учебных заведений _xДобыча _xВибровоздействия метод _91721615 _3RU\NLR\auth\66768296 |
|
| 610 | 0 | _aтрудноизвлекаемые запасы нефти | |
| 610 | 0 | _aмеханические примеси в нефти | |
| 686 |
_aИ361.6я73-1 _2rubbk |
||
| 686 |
_aИ361.7я73-1 _2rubbk |
||
| 686 | _aИ361.7я73-1 | ||
| 700 | 1 |
_4070 _8rus _7ca _aМохов _bМ. А. _gМихаил Альбертович _3RU\NLR\auth\77102635 _985561 |
|
| 701 | 1 |
_4070 _8rus _7ca _aСахаров _bВ. А. _gВиктор Александрович _3RU\NLR\auth\77102638 _985564 |
|
| 701 | 1 |
_4070 _8rus _7ca _aХабибуллин _bХ. Х. _f1953- _gХасан Хуриятович _3RU\NLR\auth\77102642 _985568 |
|
| 790 | 1 |
_4070 _8rus _7ca _aМохов _bМ. А. _gМихаил Альбертович _3RU\NLR\auth\77102635 _985561 |
|
| 790 | 1 |
_4070 _8rus _7ba _aMochov _bM. A. _gMichail Al'bertovič _3RU\NLR\auth\77102636 _985562 |
|
| 801 | 0 |
_aRU _bRuMoRKP _c20110201 |
|
| 801 | 1 |
_aRU _bRuMoRGB _c20110201 |
|
| 801 | 2 |
_aRU _bNLR _c20110217 _grcr |
|
| 830 | _aавт. по кн. | ||
| 942 | _cBOOK | ||
| 980 | _aNB | ||